000 01217cam a2200181ua 4500
020 _c250.00
041 _aeng
_h
082 _a636
_bIND/HA
110 1 _aIndian council of agricultural reserch .
_bICAR
_c(Newdelhi )
245 _aHand book of animal husbandry /
_cICAR.
_hTextual Documents
250 _a3 /
_b.
260 _aNew Delhi :
_bIndian Council for Agricultural Research ,
_c2002.
300 _a1234 ; .
365 _a250.00
504 _a
942 _cBK
999 _c12064
_d12064